<?xml version="1.0" encoding="UTF-8"?>
<record
    xmlns:xsi="http://www.w3.org/2001/XMLSchema-instance"
    xsi:schemaLocation="http://www.loc.gov/MARC21/slim http://www.loc.gov/standards/marcxml/schema/MARC21slim.xsd"
    xmlns="http://www.loc.gov/MARC21/slim">

  <leader>00229nam a22001097a 4500</leader>
  <datafield tag="020" ind1=" " ind2=" ">
    <subfield code="a">978-986-88115-1-5</subfield>
  </datafield>
  <datafield tag="100" ind1=" " ind2=" ">
    <subfield code="a">&#x6F58;&#x53E1;&#x5100;</subfield>
  </datafield>
  <datafield tag="245" ind1=" " ind2=" ">
    <subfield code="a">&#x75C5;&#x623F;&#x6709;&#x8C93;&#x8036;</subfield>
    <subfield code="c">&#x6F58;&#x53E1;&#x5100;</subfield>
  </datafield>
  <datafield tag="250" ind1=" " ind2=" ">
    <subfield code="a">&#x521D;&#x7248;</subfield>
  </datafield>
  <datafield tag="260" ind1=" " ind2=" ">
    <subfield code="c">2023.03</subfield>
  </datafield>
  <datafield tag="942" ind1=" " ind2=" ">
    <subfield code="2">ccl</subfield>
    <subfield code="c">BOOK</subfield>
  </datafield>
  <datafield tag="999" ind1=" " ind2=" ">
    <subfield code="c">7498</subfield>
    <subfield code="d">7498</subfield>
  </datafield>
  <datafield tag="952" ind1=" " ind2=" ">
    <subfield code="0">0</subfield>
    <subfield code="1">0</subfield>
    <subfield code="2">ccl</subfield>
    <subfield code="4">0</subfield>
    <subfield code="7">0</subfield>
    <subfield code="a">yeezen</subfield>
    <subfield code="b">yeezen</subfield>
    <subfield code="c">YEEZEN</subfield>
    <subfield code="d">2023-07-12</subfield>
    <subfield code="l">10</subfield>
    <subfield code="m">1</subfield>
    <subfield code="o">863.599</subfield>
    <subfield code="p">C03013</subfield>
    <subfield code="r">2025-05-14 00:00:00</subfield>
    <subfield code="s">2025-05-13</subfield>
    <subfield code="w">2023-07-12</subfield>
    <subfield code="y">BOOK</subfield>
    <subfield code="z">&#x75AB;&#x60C5;&#x671F;&#x9593;&#xFF0C;&#x6DE1;&#x6C34;&#x99AC;&#x5055;&#x7D00;&#x5FF5;&#x91AB;&#x9662;&#x653E;&#x5C04;&#x816B;&#x7624;&#x79D1;31&#x75C5;&#x623F;&#x65C1;&#x7684;&#x7955;&#x5BC6;&#x82B1;&#x5712;&#xFF0C;&#x5148;&#x5F8C;&#x4F86;&#x4E86;&#x5169;&#x96BB;&#x6D41;&#x6D6A;&#x8C93;&#xFF1B;&#x88AB;&#x91AB;&#x8B77;&#x540D;&#x70BA;&#x300C;31&#x300D;&#x548C;&#x300C;33&#x300D;&#x64AB;&#x6170;&#x4E86;&#x5954;&#x5FD9;&#x65BC;&#x6436;&#x6551;&#x75C5;&#x60A3;&#x7684;&#x91AB;&#x8B77;&#x5FC3;&#x9748;&#xFF0C;&#x4E5F;&#x4F7F;31&#x75C5;&#x623F;&#x7684;&#x75C5;&#x4EBA;&#x80FD;&#x66AB;&#x5FD8;&#x75C5;&#x75DB;&#x3002;</subfield>
  </datafield>
</record>
